| 000 | 00715nam a2200217Ii 4500 | ||
|---|---|---|---|
| 003 | JO-AjNU | ||
| 008 | 230605s9999||||xx |||||||||||||| ||und|| | ||
| 017 | _a1987/2515 | ||
| 020 | _a977-01-1298-4 | ||
| 040 |
_aJO-AjNU _bara _erda _cJO-AjNU |
||
| 041 | _aara | ||
| 050 | 1 | 4 | _aPJ7808.F2.A17 1986 |
| 100 | 3 |
_aأبو فاشا، طاهر, _eauthor _952101 |
|
| 245 | 0 | 0 | _aدموع لا تجف: شعر |
| 264 | 3 | 1 | _aالقاهرة: الهيئة المصرية العامة للكتاب، 1987 |
| 300 | _a55ص | ||
| 336 |
_atext _btxt _2rdacontent |
||
| 337 |
_aunmediated _bn _2rdamedia |
||
| 338 |
_avolume _bnc _2rdacarrier |
||
| 650 | 4 |
_aالادب العربي - الشعر الحديث - القرن 20 _952102 |
|
| 999 |
_aA23059 _c26627 _d26627 |
||